[Event "XXIV Weekend C"]
[Site "Ceriano Laghetto ITA"]
[Date "2015.03.06"]
[Round "1"]
[White "Carugati, Mario"]
[Black "Cassi, Elisa"]
[WhiteElo "1389"]
[BlackElo "1470"]
[Result "0-1"]
[PlyCount "74"]
[EventDate "2015.03.06"]

1. e4 e5 2. Nf3 Nc6 3. c3 Nf6 4. d3 Bc5 5. h3 d6 6. Be2 O-O 7. Bg5 h6 8. Bd2
Be6 9. Qc1 d5 10. Bxh6 gxh6 11. Qxh6 dxe4 12. Ng5 Re8 13. Bg4 Bf8 14. Qh4 Bg7
15. Nxe6 fxe6 16. dxe4 Nxe4 17. Bxe6+ Rxe6 18. Qxe4 Qg5 19. O-O Rg6 20. Na3 Rf8
21. Rae1 Rf4 22. Qd5+ Kh8 23. Re3 Ne7 24. Qd8+ Kh7 25. Rg3 Qf6 26. Qd3 Nf5 27.
Rxg6 Qxg6 28. Nb5 e4 29. Qe2 Nh4 30. g3 Nf3+ 31. Kh1 Qh6 32. Kg2 Qg6 33. Nxc7
Rh4 34. Nd5 Rxh3 35. Rh1 Rxh1 36. Nf4 Rg1+ 37. Kh3 Qf5+ 0-1

[Event "XXIV Weekend C"]
[Site "Ceriano Laghetto ITA"]
[Date "2015.03.06"]
[Round "1"]
[White "Castellucci, Leonardo"]
[Black "Bossoni, Alessandra"]
[WhiteElo "1410"]
[BlackElo "1489"]
[Result "0-1"]
[PlyCount "98"]
[EventDate "2015.03.06"]

1. e4 d6 2. Nf3 Nf6 3. Nc3 g6 4. Bc4 Bg7 5. d4 Nc6 6. d5 Nb8 7. Bg5 c6 8. dxc6
Nxc6 9. Nd5 Nxd5 10. exd5 Ne5 11. Bb5+ Bd7 12. Bxd7+ Qxd7 13. Nxe5 Bxe5 14. Rb1
Qf5 15. Bh6 Bxb2 16. Rxb2 Qe5+ 17. Be3 Qxb2 18. Bd4 Qb4+ 19. c3 Qc4 20. Bxh8 f6
21. Bg7 Qxc3+ 22. Qd2 Qxd2+ 23. Kxd2 g5 24. Re1 Kf7 25. Bxf6 exf6 26. Re6 Rd8
27. g3 Rd7 28. f4 Kg6 29. h4 Kf5 30. Ke3 b5 31. Re8 b4 32. hxg5 fxg5 33. Rf8+
Kg6 34. f5+ Kg7 35. Re8 Kf7 36. Rb8 Re7+ 37. Kf3 Re5 38. Rb7+ Kf6 39. g4 Rxd5
40. Rxb4 Re5 41. Rb7 Re7 42. Rxe7 Kxe7 43. Ke4 Kf6 44. Kd5 h5 45. gxh5 Kxf5 46.
h6 Kg6 47. Kxd6 g4 48. h7 Kxh7 49. Ke5 g3 0-1

[Event "XXIV Weekend C"]
[Site "Ceriano Laghetto ITA"]
[Date "2015.03.06"]
[Round "1"]
[White "Cella, Pietro"]
[Black "Frignani, Alessandro"]
[WhiteElo "1467"]
[BlackElo "1376"]
[Result "1-0"]
[PlyCount "79"]
[EventDate "2015.03.06"]

1. d4 d5 2. c4 e6 3. Nc3 c6 4. Nf3 Nd7 5. e3 Bb4 6. Bd2 Ngf6 7. Bd3 b6 8. a3
Be7 9. O-O O-O 10. Qc2 h6 11. e4 dxe4 12. Nxe4 Bb7 13. Bf4 Nxe4 14. Bxe4 Nf6
15. Bd3 Bd6 16. Ne5 c5 17. dxc5 Bxc5 18. Rad1 Qc8 19. Be2 Qc7 20. Bg3 Bd6 21.
Nd7 Bxg3 22. Nxf6+ gxf6 23. fxg3 Qc5+ 24. Kh1 Qg5 25. Rf4 f5 26. Rdf1 Rac8 27.
Rh4 Be4 28. Qc3 f6 29. Rff4 Kf7 30. Rh5 Qg6 31. Rfh4 Rh8 32. c5 Rxc5 33. Qd2
Rd5 34. Qf4 e5 35. Qc1 Rc5 36. Qd2 Rd5 37. Bc4 Rhd8 38. Rxh6 Qg5 39. Rh7+ Ke6
40. Qxg5 1-0

[Event "XXIV Weekend C"]
[Site "Ceriano Laghetto ITA"]
[Date "2015.03.06"]
[Round "1"]
[White "Gatti, Daniele Guglielmo"]
[Black "Kiszka, Jean Marc"]
[WhiteElo "1485"]
[BlackElo "1399"]
[Result "1-0"]
[PlyCount "87"]
[EventDate "2015.03.06"]

1. e4 c5 2. Nf3 d6 3. d4 cxd4 4. Nxd4 Nf6 5. Nc3 a6 6. Bc4 e6 7. Bg5 Be7 8. O-O
O-O 9. Qd2 Qc7 10. Bb3 Nc6 11. Nde2 b5 12. Ng3 Na5 13. Rad1 Nxb3 14. axb3 Rd8
15. Bxf6 Bxf6 16. Nh5 Be7 17. Qe2 Bb7 18. Qg4 g6 19. Ng3 b4 20. Na4 Bc6 21. f4
Kh8 22. f5 Bxa4 23. bxa4 Rg8 24. fxe6 fxe6 25. Qxe6 Rae8 26. Qb3 a5 27. Ne2
Rgf8 28. Nf4 Bg5 29. Qg3 Qc5+ 30. Kh1 Qe5 31. Nd3 Qxg3 32. Rxf8+ Rxf8 33. hxg3
Rc8 34. Ne1 Rc6 35. Rd5 Be7 36. Rxa5 Bf6 37. b3 Bc3 38. Nd3 Bd4 39. Nxb4 Rc3
40. Rd5 Be5 41. Rd3 Rxd3 42. cxd3 Bxg3 43. a5 Bh4 44. a6 1-0

[Event "XXIV Weekend C"]
[Site "Ceriano Laghetto ITA"]
[Date "2015.03.06"]
[Round "1"]
[White "Lupi, Matthew"]
[Black "Ciochetta, Giovanni"]
[WhiteElo "1470"]
[BlackElo "1587"]
[Result "1-0"]
[PlyCount "83"]
[EventDate "2015.03.06"]

1. e4 e5 2. Nf3 Nf6 3. Nc3 Nc6 4. Bc4 Bb4 5. d3 O-O 6. Bd2 d6 7. h3 Na5 8. Bb3
Nxb3 9. cxb3 c6 10. Bg5 Qa5 11. Bd2 Nd7 12. a3 Bxc3 13. bxc3 Qa6 14. c4 c5 15.
b4 b6 16. b5 Qb7 17. Nh4 Nb8 18. Qf3 a6 19. O-O axb5 20. cxb5 Ra4 21. Qg3 f5
22. exf5 Bxf5 23. Nxf5 Rxf5 24. f4 e4 25. dxe4 Rxe4 26. Qd3 Qd5 27. Qxd5+ Rxd5
28. Bc3 Nd7 29. Rad1 Rxd1 30. Rxd1 Rxf4 31. Rxd6 Rf7 32. Rc6 Kf8 33. Be1 Rf6
34. Bg3 Kf7 35. Kh2 Kg6 36. Bh4 Kf5 37. Bxf6 Nxf6 38. Rxb6 Ke5 39. Rc6 Kd5 40.
Rc8 c4 41. b6 Nd7 42. b7 1-0

[Event "XXIV Weekend C"]
[Site "Ceriano Laghetto ITA"]
[Date "2015.03.06"]
[Round "1"]
[White "Madaschi, Sergio"]
[Black "Castellucci, Emiliano"]
[WhiteElo "1494"]
[BlackElo "1416"]
[Result "1/2-1/2"]
[PlyCount "37"]
[EventDate "2015.03.06"]

1. e4 g6 2. c4 Bg7 3. d4 c5 4. Nf3 cxd4 5. Nxd4 Nc6 6. Be3 d6 7. Be2 Nf6 8. Nc3
e5 9. Ndb5 Bf8 10. Bg5 Rb8 11. Bxf6 Qxf6 12. Nc7+ Kd8 13. N7d5 Qg5 14. Ne3 Qh4
15. O-O h5 16. g3 Qh3 17. Nb5 Qe6 18. Qd5 a6 19. Nc3 1/2-1/2

[Event "XXIV Weekend C"]
[Site "Ceriano Laghetto ITA"]
[Date "2015.03.06"]
[Round "1"]
[White "Mangiapan, Gabriele"]
[Black "Lamera, Giuseppe"]
[WhiteElo "1437"]
[BlackElo "1503"]
[Result "0-1"]
[PlyCount "114"]
[EventDate "2015.03.06"]

1. e4 d6 2. d4 g6 3. Nf3 Bg7 4. Bc4 e6 5. Nc3 c6 6. d5 Qa5 7. Bd2 Qb6 8. Rb1
Nf6 9. Be3 Qc7 10. O-O O-O 11. Bg5 b5 12. Be2 b4 13. Na4 Nxe4 14. dxc6 Nxg5 15.
Nxg5 Qxc6 16. b3 a5 17. Bf3 d5 18. Qc1 Bh6 19. a3 Na6 20. axb4 Nxb4 21. c4 Ba6
22. cxd5 Qxc1 23. Rbxc1 Bxg5 24. Rc6 Bxf1 25. Rb6 Bd3 26. d6 Rac8 27. h3 Rfd8
28. Nb2 Bc2 29. Nc4 Nd5 30. Bxd5 exd5 31. Nxa5 Rb8 32. Rc6 Bd1 33. Rc5 Rxd6 34.
Rc3 Bf6 35. Rc1 Be2 36. Rc2 Bd3 37. Rd2 Bf5 38. Rd1 Bc3 39. b4 Bxb4 40. Nb3 Bc2
41. Rf1 Bxb3 42. Rc1 d4 43. g3 d3 44. Kh2 d2 45. Rb1 Bc2 46. Ra1 Bc3 47. Rf1
d1=Q 48. Rxd1 Rxd1 49. h4 f5 50. Kh3 Be4 51. g4 Rh1+ 52. Kg3 Be5+ 53. f4 Rg1+
54. Kh2 Bd4 55. g5 Rb2+ 56. Kh3 Rbg2 57. h5 Rh1# 0-1

[Event "XXIV Weekend C"]
[Site "Ceriano Laghetto ITA"]
[Date "2015.03.06"]
[Round "1"]
[White "Meloni, Cristina"]
[Black "Aldeghi, Damiano"]
[WhiteElo "1374"]
[BlackElo "1456"]
[Result "0-1"]
[PlyCount "72"]
[EventDate "2015.03.06"]

1. d4 d5 2. Nf3 Nc6 3. g3 Nf6 4. Bg2 e6 5. O-O h6 6. e3 Be7 7. c3 O-O 8. Nbd2
Re8 9. Re1 Bd6 10. Qe2 e5 11. Qb5 e4 12. Qf1 exf3 13. Nxf3 Bd7 14. Nd2 a6 15.
e4 dxe4 16. Nc4 Na7 17. Ne5 Bxe5 18. dxe5 Rxe5 19. Bf4 Rc5 20. Rad1 Qe8 21. Be3
Bb5 22. Bxc5 Bxf1 23. Kxf1 Qb5+ 24. Kg1 Qxc5 25. Bxe4 Nxe4 26. Rxe4 Nc6 27. Rf4
Re8 28. Kg2 Re2 29. Rd7 Ne5 30. Rd8+ Kh7 31. Kh3 Rxf2 32. Rfd4 Qc6 33. R8d5
Qe6+ 34. g4 Qf6 35. Kg3 Qf3+ 36. Kh4 Rxh2# 0-1

[Event "XXIV Weekend C"]
[Site "Ceriano Laghetto ITA"]
[Date "2015.03.06"]
[Round "1"]
[White "Ruggiero, Paolino"]
[Black "Caprioni, Alberto"]
[WhiteElo "1508"]
[BlackElo "1437"]
[Result "0-1"]
[PlyCount "52"]
[EventDate "2015.03.06"]

1. e4 e5 2. f4 d6 3. Bc4 Be7 4. Nf3 Nc6 5. O-O Nf6 6. Bxf7+ Kxf7 7. Ng5+ Kg8 8.
fxe5 Bg4 9. Qe1 dxe5 10. c3 h6 11. Nf3 Kh7 12. Qg3 Bxf3 13. Qxf3 Rf8 14. Re1
Bc5+ 15. Kh1 Qd7 16. b4 Bb6 17. a4 a6 18. Ba3 Qg4 19. Qd3 Rad8 20. Qc2 Bf2 21.
Rc1 Nxe4 22. b5 axb5 23. axb5 Ra8 24. bxc6 bxc6 25. d3 Ng3+ 26. hxg3 Qh5# 0-1

[Event "XXIV Weekend C"]
[Site "Ceriano Laghetto ITA"]
[Date "2015.03.06"]
[Round "1"]
[White "Seva, Alessio"]
[Black "Strada, Giorgio"]
[WhiteElo "1446"]
[BlackElo "1359"]
[Result "1/2-1/2"]
[PlyCount "111"]
[EventDate "2015.03.06"]

1. d4 d5 2. e3 e6 3. Nf3 Nf6 4. Nbd2 Nbd7 5. Bd3 Be7 6. O-O O-O 7. Re1 Re8 8.
c3 c5 9. b3 b6 10. h3 Bb7 11. Bb2 Rc8 12. Rc1 Ne4 13. Qc2 Ndf6 14. Nxe4 dxe4
15. Bb5 exf3 16. Bxe8 Nxe8 17. g3 cxd4 18. exd4 Bd5 19. c4 Qd7 20. Qd3 Bb7 21.
Rc2 e5 22. Rxe5 Qxh3 23. Qf1 Qxf1+ 24. Kxf1 Bf6 25. Re1 g5 26. c5 Ba6+ 27. Kg1
Be2 28. Rec1 b5 29. a4 Nc7 30. Rd2 g4 31. Ra1 Re8 32. Rc2 Bg5 33. axb5 Nxb5 34.
c6 Rc8 35. d5 Bd3 36. Rc5 Be7 37. Rcc1 Bg5 38. Rc5 Be7 39. Rcc1 Kf8 40. Be5 Be4
41. d6 Bxd6 42. Bxd6+ Nxd6 43. c7 Nb5 44. Ra5 Nd4 45. Rxa7 Ne2+ 46. Kh2 Nxc1
47. Ra4 Bg6 48. Rc4 Nxb3 49. Rb4 Nc5 50. Rb8 Bf5 51. Kg1 Na6 52. Rb5 Be6 53.
Rh5 Rxc7 54. Rxh7 Rc1+ 55. Kh2 Rf1 56. Rxf7+ 1/2-1/2

[Event "XXIV Weekend C"]
[Site "Ceriano Laghetto ITA"]
[Date "2015.03.07"]
[Round "2"]
[White "Aldeghi, Damiano"]
[Black "Rosini, Luca Ungaro"]
[WhiteElo "1456"]
[BlackElo "1584"]
[Result "0-1"]
[PlyCount "116"]
[EventDate "2015.03.06"]

1. e4 d5 2. exd5 Qxd5 3. Nc3 Qa5 4. Nf3 Nf6 5. h3 Bf5 6. Nh4 Bg6 7. Nxg6 hxg6
8. Qf3 Nc6 9. Bb5 Qb6 10. d3 O-O-O 11. Bxc6 Qxc6 12. Qxc6 bxc6 13. Be3 Kb7 14.
O-O Nd5 15. Bd2 e5 16. a3 f5 17. Rfe1 Bd6 18. Na2 Rde8 19. c4 Nf4 20. Bxf4 exf4
21. Nc3 g5 22. f3 Bc5+ 23. Kf1 g4 24. fxg4 fxg4 25. Rxe8 Rxe8 26. hxg4 Re3 27.
Rd1 Rg3 28. Ne4 Be3 29. Nxg3 fxg3 30. Re1 Bf4 31. Re4 g5 32. a4 Kb6 33. Ke2 Kc5
34. Kf3 Bd6 35. Re8 Kb4 36. Ra8 a5 37. b3 Bc5 38. Ke2 Bb6 39. Rg8 Kxb3 40. Rxg5
Kxa4 41. Rf5 Kb4 42. Kd2 a4 43. Rf1 Bd4 44. Kc2 a3 45. Rb1+ Ka4 46. g5 a2 47.
Re1 a1=Q 48. Rxa1+ Bxa1 49. Kd2 Bd4 50. g6 Kb3 51. Ke2 Kc3 52. Kf3 c5 53. Kxg3
Kxd3 54. Kh4 Kxc4 55. Kh5 Kd3 56. Kh6 c4 57. g7 Bxg7+ 58. Kxg7 c3 0-1

[Event "XXIV Weekend C"]
[Site "Ceriano Laghetto ITA"]
[Date "2015.03.07"]
[Round "2"]
[White "Caprioni, Alberto"]
[Black "Gatti, Daniele Guglielmo"]
[WhiteElo "1437"]
[BlackElo "1485"]
[Result "0-1"]
[PlyCount "68"]
[EventDate "2015.03.06"]

1. e4 e5 2. Nf3 Nc6 3. Bc4 Bc5 4. d3 Nf6 5. Bg5 O-O 6. Nc3 h6 7. Bh4 d6 8. h3
Be6 9. Nd5 Bxd5 10. Bxd5 g5 11. Bg3 Nxd5 12. exd5 Ne7 13. h4 g4 14. Nd2 f5 15.
f4 h5 16. fxe5 dxe5 17. Bxe5 Qxd5 18. Qe2 Ng6 19. Bxc7 Rae8 20. Qxe8 Rxe8+ 21.
Kd1 Qxg2 22. Rh2 Qg1+ 23. Nf1 Qxf1+ 24. Kd2 Qxa1 25. Re2 Rxe2+ 26. Kxe2 Qxb2
27. Kd2 Bb4+ 28. Ke3 f4+ 29. Bxf4 Nxf4 30. Kxf4 Qd4+ 31. Kg3 Bd6+ 32. Kg2 g3
33. a4 Qf2+ 34. Kh1 Qh2# 0-1

[Event "XXIV Weekend C"]
[Site "Ceriano Laghetto ITA"]
[Date "2015.03.07"]
[Round "2"]
[White "Castellucci, Emiliano"]
[Black "Seva, Alessio"]
[WhiteElo "1416"]
[BlackElo "1446"]
[Result "0-1"]
[PlyCount "50"]
[EventDate "2015.03.06"]

1. e4 c5 2. Nf3 e6 3. d4 Nf6 4. Nc3 Qc7 5. e5 cxd4 6. Qxd4 Nc6 7. Nb5 Qb8 8.
Qc3 Bb4 9. Qxb4 Nxb4 10. Bd2 Nxc2+ 11. Kd1 Ne4 12. Kxc2 a6 13. Nbd4 Qc7+ 14.
Kd3 Nxf2+ 15. Ke3 Nxh1 16. Rc1 Qb6 17. b4 d6 18. a4 dxe5 19. Nxe5 O-O 20. a5
Qa7 21. Kf3 Qxd4 22. Nd3 e5 23. Ke2 Bg4+ 24. Ke1 Qe4+ 25. Be2 Qxe2# 0-1

[Event "XXIV Weekend C"]
[Site "Ceriano Laghetto ITA"]
[Date "2015.03.07"]
[Round "2"]
[White "Ciochetta, Giovanni"]
[Black "Castellucci, Leonardo"]
[WhiteElo "1587"]
[BlackElo "1410"]
[Result "1-0"]
[PlyCount "89"]
[EventDate "2015.03.06"]

1. e4 e5 2. Nf3 Nc6 3. Bc4 Bc5 4. O-O Nf6 5. d3 O-O 6. a3 a5 7. Bg5 h6 8. Bh4
d6 9. Nc3 Bg4 10. h3 Bh5 11. g4 g5 12. Bg3 Bg6 13. Kg2 h5 14. Nxg5 hxg4 15.
hxg4 d5 16. exd5 Nxd5 17. Qd2 Nxc3 18. bxc3 e4 19. Nh3 exd3 20. cxd3 Be4+ 21.
f3 Bd5 22. Bxd5 Qxd5 23. Qg5+ Qxg5 24. Nxg5 Rad8 25. d4 Bd6 26. Bxd6 Rxd6 27.
Rfe1 Rg6 28. Nh3 f5 29. g5 f4 30. d5 Na7 31. Rab1 b6 32. Re7 Rf7 33. Rbe1 Rd6
34. c4 b5 35. cxb5 Nxb5 36. a4 Nc3 37. Rxf7 Kxf7 38. Nxf4 Nxd5 39. Nxd5 Rxd5
40. f4 Rd4 41. Kf3 Rxa4 42. Rc1 Ra3+ 43. Kg4 Rb3 44. Rxc7+ Kg6 45. f5# 1-0

[Event "XXIV Weekend C"]
[Site "Ceriano Laghetto ITA"]
[Date "2015.03.07"]
[Round "2"]
[White "Fantina, Carla"]
[Black "Cella, Pietro"]
[WhiteElo "1323"]
[BlackElo "1467"]
[Result "1/2-1/2"]
[PlyCount "106"]
[EventDate "2015.03.06"]

1. c4 c6 2. Nc3 d5 3. cxd5 cxd5 4. d4 Nc6 5. g3 Nf6 6. Bg2 Bf5 7. Nh3 e6 8. O-O
Bb4 9. a3 Ba5 10. Bf4 O-O 11. Nb5 Ne8 12. Ng5 h6 13. Nf3 a6 14. Nc3 Nd6 15.
Bxd6 Qxd6 16. Na4 Rab8 17. b4 Bc7 18. Nc5 Rfd8 19. Qd2 Qe7 20. h3 Qf6 21. Rac1
e5 22. dxe5 Nxe5 23. Nd4 Nc4 24. Qc3 Be5 25. e3 Be6 26. Ncxe6 fxe6 27. f4 Bxd4
28. exd4 Rbc8 29. Qd3 Re8 30. Rb1 b5 31. f5 Rcd8 32. g4 Qg5 33. Rf2 exf5 34.
Rxf5 Qe3+ 35. Qxe3 Nxe3 36. Rf3 Nxg2 37. Kxg2 Re4 38. Rd1 Rc8 39. Rd2 Rc6 40.
Rf5 Rd6 41. Kf3 g5 42. Rd3 Kg7 43. Kg3 Kg6 44. Rf8 Kg7 45. Rc8 Rf4 46. h4 Re4
47. hxg5 hxg5 48. Rc1 Kg6 49. Rf1 Kg7 50. Rf5 Kg6 51. Kf3 Kh6 52. Kg2 Kg6 53.
Kg3 Kh6 1/2-1/2

[Event "XXIV Weekend C"]
[Site "Ceriano Laghetto ITA"]
[Date "2015.03.07"]
[Round "2"]
[White "Frignani, Alessandro"]
[Black "Mangiapan, Gabriele"]
[WhiteElo "1376"]
[BlackElo "1437"]
[Result "1-0"]
[PlyCount "139"]
[EventDate "2015.03.06"]

1. e4 e5 2. Bc4 Nf6 3. Qf3 Bc5 4. d3 d6 5. h3 Nc6 6. Ne2 Nb4 7. Bb3 Be6 8. Na3
Bxb3 9. axb3 a5 10. c3 Nc6 11. Bd2 Rb8 12. Nc4 b5 13. Nxa5 Ra8 14. b4 Bb6 15.
c4 Ra7 16. O-O Qa8 17. cxb5 Nxa5 18. bxa5 Bxa5 19. b4 Bb6 20. Rxa7 Qxa7 21. Be3
O-O 22. Bxb6 cxb6 23. Qe3 Ra8 24. Rc1 Nd7 25. Rc6 Qb8 26. Nc3 Ra1+ 27. Kh2 d5
28. Nxd5 h6 29. Nxb6 Nxb6 30. Qxb6 Qxb6 31. Rxb6 Rb1 32. Rd6 Rxb4 33. Rd5 f6
34. g4 g5 35. Kg3 Kg7 36. h4 gxh4+ 37. Kxh4 Kg6 38. f3 Rb2 39. Kg3 Kg5 40. d4
h5 41. gxh5 Kxh5 42. dxe5 fxe5 43. Rxe5+ Kg6 44. Kf4 Kf6 45. Rd5 Kg6 46. Rd6+
Kf7 47. b6 Ke7 48. e5 Rb4+ 49. Kf5 Rb5 50. f4 Rc5 51. Kg6 Rc4 52. f5 Rc5 53.
Re6+ Kd7 54. Kf7 Rc8 55. b7 Rb8 56. Re7+ Kd8 57. Re8+ Kc7 58. Rxb8 Kxb8 59. e6
Kxb7 60. e7 Kc8 61. e8=Q+ Kc7 62. Ke7 Kb6 63. Qc8 Kb5 64. Qc7 Kb4 65. Qc6 Kb3
66. f6 Kb4 67. f7 Kb3 68. f8=R Kb4 69. Rb8+ Ka5 70. Qa8# 1-0

[Event "XXIV Weekend C"]
[Site "Ceriano Laghetto ITA"]
[Date "2015.03.07"]
[Round "2"]
[White "Kiszka, Jean Marc"]
[Black "Ruggiero, Paolino"]
[WhiteElo "1399"]
[BlackElo "1508"]
[Result "1/2-1/2"]
[PlyCount "91"]
[EventDate "2015.03.06"]

1. c4 e5 2. Nc3 f5 3. d3 Nf6 4. Nf3 Nc6 5. Bg5 Be7 6. e3 O-O 7. a3 a6 8. Bxf6
Bxf6 9. Nd5 d6 10. Be2 h6 11. Rb1 a5 12. O-O Be6 13. Nxf6+ Qxf6 14. Qc2 a4 15.
Rfd1 Bf7 16. Qc3 Na5 17. Nd2 g5 18. b4 Nc6 19. Bf3 Be8 20. Bxc6 Bxc6 21. b5 Be8
22. d4 Bg6 23. Rbc1 g4 24. Nf1 f4 25. d5 Bh5 26. exf4 Qxf4 27. Qe3 g3 28. Qxf4
Rxf4 29. Rd2 gxh2+ 30. Kxh2 Raf8 31. Kg1 Bg6 32. c5 dxc5 33. Rxc5 R8f7 34. Ne3
b6 35. Rc3 Rg7 36. Nc4 Re7 37. Ne3 Be8 38. Rb2 Rd4 39. Nf5 Rd1+ 40. Kh2 Rh7 41.
Ne3 Rd4 42. Rc4 Rd7 43. Rxd4 exd4 44. Nf5 Kh7 45. Nxd4 Rxd5 46. Ne6 1/2-1/2

[Event "XXIV Weekend C"]
[Site "Ceriano Laghetto ITA"]
[Date "2015.03.07"]
[Round "2"]
[White "Lamera, Giuseppe"]
[Black "Lupi, Matthew"]
[WhiteElo "1503"]
[BlackElo "1470"]
[Result "1/2-1/2"]
[PlyCount "45"]
[EventDate "2015.03.06"]

1. d4 d5 2. c4 e6 3. Nc3 Nf6 4. Nf3 Bb4 5. Qa4+ Nc6 6. Ne5 Bxc3+ 7. bxc3 Bd7 8.
Nxd7 Qxd7 9. e3 O-O 10. Be2 a6 11. Qc2 e5 12. c5 b5 13. cxb6 cxb6 14. a4 exd4
15. cxd4 Rfc8 16. Qb2 Qc7 17. Bd2 Qb7 18. f3 b5 19. axb5 axb5 20. Rxa8 Rxa8 21.
O-O b4 22. Rc1 b3 23. Ra1 1/2-1/2

[Event "XXIV Weekend C"]
[Site "Ceriano Laghetto ITA"]
[Date "2015.03.07"]
[Round "2"]
[White "Sala, Pierluigi"]
[Black "Carugati, Mario"]
[WhiteElo "1527"]
[BlackElo "1389"]
[Result "0-1"]
[PlyCount "64"]
[EventDate "2015.03.06"]

1. d4 e6 2. Nf3 h6 3. e4 d5 4. e5 a6 5. Bd3 c5 6. c3 Bd7 7. b3 b5 8. O-O Ne7 9.
dxc5 Nf5 10. b4 Nc6 11. Re1 Be7 12. Bxf5 exf5 13. Qxd5 Rc8 14. Nd4 O-O 15. Qf3
Re8 16. Nxf5 Bg5 17. Bxg5 Qxg5 18. Nd6 Nxe5 19. Qg3 Nf3+ 20. gxf3 Rxe1+ 21. Kg2
Rd8 22. Qxg5 hxg5 23. Ne4 f6 24. Ned2 Bc6 25. a3 Rxd2 26. Nxd2 Rxa1 27. Nb3
Rxa3 28. Nd4 Bd5 29. c6 Rxc3 30. Nf5 Bxf3+ 31. Kg3 Bxc6+ 32. Ne3 f5 0-1

[Event "XXIV Weekend C"]
[Site "Ceriano Laghetto ITA"]
[Date "2015.03.07"]
[Round "2"]
[White "Strada, Giorgio"]
[Black "Madaschi, Sergio"]
[WhiteElo "1359"]
[BlackElo "1494"]
[Result "0-1"]
[PlyCount "174"]
[EventDate "2015.03.06"]

1. d4 Nf6 2. Nf3 g6 3. e3 Bg7 4. Bd3 d6 5. O-O O-O 6. Re1 b6 7. Nbd2 Bb7 8. c3
Nbd7 9. e4 e5 10. dxe5 dxe5 11. Nf1 Nc5 12. Bc2 Qxd1 13. Rxd1 Nfxe4 14. Re1 f6
15. b4 Nxc3 16. bxc5 Kh8 17. Re3 Nd5 18. Rb3 f5 19. Bb2 Rfe8 20. Re1 e4 21.
Bxg7+ Kxg7 22. Nd4 Ba6 23. Ne3 Nxe3 24. Rexe3 Bc4 25. Rbc3 Bxa2 26. Rg3 Kf6 27.
Nb5 Re7 28. Ra3 Bd5 29. Rgc3 a6 30. Bb3 Bxb3 31. Rcxb3 c6 32. Nc3 b5 33. f3
exf3 34. gxf3 a5 35. Ra1 a4 36. Rba3 Rd7 37. R1a2 b4 38. Rxa4 Rxa4 39. Nxa4 Ra7
40. f4 b3 41. Rb2 Rxa4 42. Rxb3 Rc4 43. Rd3 Rxc5 44. Rd6+ Ke7 45. Rd1 Rd5 46.
Ra1 Rd7 47. Re1+ Kd6 48. Rd1+ Kc7 49. Rc1 Rd4 50. Rf1 c5 51. Kg2 Kc6 52. Kg3 c4
53. Rc1 Kc5 54. Kf3 Rd3+ 55. Kg2 Kd4 56. Kf2 Rd2+ 57. Kg3 c3 58. h3 Kd3 59. Ra1
Rb2 60. Rd1+ Rd2 61. Rb1 Kc2 62. Ra1 Kb2 63. Ra8 c2 64. Rb8+ Kc1 65. Ra8 Kd1
66. Ra1+ c1=Q 67. Rxc1+ Kxc1 68. Kh4 Rd4 69. Kg5 Rd3 70. Kh6 Rxh3+ 71. Kg5 Kd2
72. Kf6 Ke3 73. Kg5 Ke4 74. Kf6 Kxf4 75. Ke6 Kg5 76. Ke5 f4 77. Ke4 Re3+ 78.
Kd4 Kf5 79. Kc4 f3 80. Kd4 Re4+ 81. Kd3 f2 82. Kd2 f1=Q 83. Kc2 Re3 84. Kb2
Qe2+ 85. Kc1 Rc3+ 86. Kb1 Qc2+ 87. Ka1 Ra3# 0-1

[Event "XXIV Weekend C"]
[Site "Ceriano Laghetto ITA"]
[Date "2015.03.07"]
[Round "3"]
[White "Bossoni, Alessandra"]
[Black "Caprioni, Alberto"]
[WhiteElo "1489"]
[BlackElo "1437"]
[Result "1-0"]
[PlyCount "127"]
[EventDate "2015.03.06"]

1. e4 e5 2. Nf3 Nc6 3. Bc4 Nf6 4. d3 Bc5 5. O-O O-O 6. Nc3 d6 7. Bg5 h6 8. Bh4
Bg4 9. h3 Bh5 10. Nd5 Nd4 11. Nxf6+ Kh8 12. Nxh5 Qd7 13. Nxd4 Bxd4 14. c3 Bb6
15. Qf3 c6 16. Nxg7 Kxg7 17. Bf6+ Kh7 18. Qg3 Rg8 19. Qf3 Rg6 20. d4 exd4 21.
cxd4 d5 22. exd5 cxd5 23. Bd3 Qd6 24. Bxg6+ Kxg6 25. Be5 Qf8 26. Qf6+ Kh7 27.
Bd6 Qg8 28. Qf5+ Qg6 29. Qxg6+ Kxg6 30. Rad1 Rd8 31. Bc5 Bxc5 32. dxc5 d4 33.
Rfe1 d3 34. Re3 d2 35. Re2 Rd5 36. b4 Rd4 37. a3 Rd3 38. Rexd2 Rxa3 39. Rd6+
Kg7 40. c6 bxc6 41. Rxc6 Rb3 42. Rd4 Rb1+ 43. Kh2 Rb2 44. Rg4+ Kf8 45. Rc8+ Ke7
46. Rc7+ Kf8 47. Rxa7 Rxf2 48. Ra8+ Ke7 49. Re4+ Kd6 50. Rd8+ Kc7 51. Rd3 Rc2
52. Re7+ Kc8 53. Rg3 Kb8 54. Rg8+ Rc8 55. Rxc8+ Kxc8 56. b5 Kb8 57. Kg3 h5 58.
Kf4 f5 59. Ke5 f4 60. Kd6 h4 61. Kc6 f3 62. gxf3 Ka8 63. Kb6 Kb8 64. Re8# 1-0

[Event "XXIV Weekend C"]
[Site "Ceriano Laghetto ITA"]
[Date "2015.03.07"]
[Round "3"]
[White "Carugati, Mario"]
[Black "Ciochetta, Giovanni"]
[WhiteElo "1389"]
[BlackElo "1587"]
[Result "0-1"]
[PlyCount "80"]
[EventDate "2015.03.06"]

1. e4 e5 2. Nf3 Nf6 3. Nc3 Nc6 4. a3 Be7 5. Bb5 d6 6. d3 Bd7 7. Bc4 O-O 8. h3
a6 9. Be3 Na5 10. Ba2 c5 11. Ng5 h6 12. Nf3 b5 13. Nd5 Nxd5 14. Bxd5 Rb8 15.
Ba2 Nc6 16. c3 a5 17. Nh2 b4 18. Ng4 Bg5 19. O-O Be6 20. h4 Bxe3 21. fxe3 Bxa2
22. Rxa2 Qxh4 23. Nh2 Qg5 24. Rf3 Qg6 25. c4 b3 26. Ra1 a4 27. Qe1 f5 28. Rg3
Qh7 29. exf5 Qxf5 30. Rd1 Qe6 31. Qe2 Rf7 32. e4 Nd4 33. Qd2 Rbf8 34. Ng4 Kh8
35. Ne3 Rf2 36. Qxf2 Rxf2 37. Kxf2 Qf6+ 38. Kg1 Ne2+ 39. Kh2 Nxg3 40. Kxg3 Qf4+
0-1

[Event "XXIV Weekend C"]
[Site "Ceriano Laghetto ITA"]
[Date "2015.03.07"]
[Round "3"]
[White "Castellucci, Emiliano"]
[Black "Kiszka, Jean Marc"]
[WhiteElo "1416"]
[BlackElo "1399"]
[Result "1-0"]
[PlyCount "65"]
[EventDate "2015.03.06"]

1. e4 c5 2. Nf3 d6 3. d4 cxd4 4. Qxd4 Nf6 5. Nc3 a6 6. Be2 Nc6 7. Qd1 e6 8. O-O
Be7 9. Bd2 Qc7 10. Qc1 O-O 11. Rd1 b5 12. a3 Bb7 13. Bf4 Rfd8 14. Qe3 e5 15.
Bg5 Na5 16. Nh4 Nc4 17. Bxc4 bxc4 18. Nf5 Kh8 19. Qg3 Rg8 20. Rd2 Rad8 21. Re1
Bf8 22. Nh6 gxh6 23. Bxf6+ Rg7 24. Bxg7+ Bxg7 25. Re3 Rg8 26. Qh4 Qd8 27. Qh5
Qg5 28. Qxf7 Bc8 29. Rxd6 Bf8 30. Rg3 Qxg3 31. hxg3 Bxd6 32. Qf6+ Rg7 33. Qxd6
1-0

[Event "XXIV Weekend C"]
[Site "Ceriano Laghetto ITA"]
[Date "2015.03.07"]
[Round "3"]
[White "Castellucci, Leonardo"]
[Black "Sala, Pierluigi"]
[WhiteElo "1410"]
[BlackElo "1527"]
[Result "0-1"]
[PlyCount "46"]
[EventDate "2015.03.06"]

1. e4 c5 2. Nc3 Nc6 3. Nf3 d6 4. Bc4 e6 5. d4 cxd4 6. Nxd4 Be7 7. Nxc6 bxc6 8.
O-O d5 9. exd5 cxd5 10. Bb5+ Bd7 11. Bxd7+ Qxd7 12. Re1 Nf6 13. Bg5 Rb8 14. b3
O-O 15. Rb1 Rfc8 16. Na4 Qc6 17. Rb2 h6 18. Bxf6 Bxf6 19. Qh5 Bxb2 20. Nxb2
Qxc2 21. Re2 Qc1+ 22. Nd1 Qxd1+ 23. Re1 Qxe1# 0-1

[Event "XXIV Weekend C"]
[Site "Ceriano Laghetto ITA"]
[Date "2015.03.07"]
[Round "3"]
[White "Cella, Pietro"]
[Black "Seva, Alessio"]
[WhiteElo "1467"]
[BlackElo "1446"]
[Result "1-0"]
[PlyCount "120"]
[EventDate "2015.03.06"]

1. d4 d5 2. c4 c6 3. Nf3 e6 4. Nc3 Nf6 5. e3 Nbd7 6. Bd3 Be7 7. O-O O-O 8. e4
dxe4 9. Nxe4 Nxe4 10. Bxe4 Nf6 11. Bc2 b6 12. Qd3 Ba6 13. Bg5 g6 14. Rfe1 c5
15. b3 Rb8 16. Ne5 Bb7 17. Bh6 Re8 18. Qe2 Qxd4 19. Nxf7 Bd6 20. Nxd6 Qxd6 21.
Rad1 Qc6 22. f3 Re7 23. Qe5 Nd7 24. Rxd7 Qxd7 25. Qxb8+ Re8 26. Qe5 Qd4+ 27.
Qxd4 cxd4 28. Rd1 e5 29. Re1 Kf7 30. f4 e4 31. Kf2 e3+ 32. Kf1 Bc8 33. Ke2 Bg4+
34. Kf1 Rd8 35. Bd3 Bf5 36. Bxf5 gxf5 37. Ke2 Kg6 38. Bg5 Rd7 39. Rd1 h6 40.
Bh4 Kf7 41. Be1 Ke6 42. Bb4 a5 43. Ba3 Kf7 44. Bb2 d3+ 45. Rxd3 Rxd3 46. Kxd3
Kg6 47. Bd4 Kh5 48. Bxb6 Kg4 49. Bxe3 h5 50. c5 h4 51. c6 h3 52. g3 a4 53. Ke2
axb3 54. axb3 Kh5 55. c7 Kg6 56. c8=Q Kf6 57. Qc6+ Kg7 58. Qe6 Kh7 59. Qf7+ Kh6
60. Qf6+ Kh7 1-0